000 00455nam a2200181Ia 4500
001 23567
005 20260414150946.0
008 260414t2016||||xx |||||||||||||| ||spa||
041 _aESP
082 _a669.0283
_bU823
100 _aUceda Herrera, Diógenes Alberto,
_eAUT
245 0 _aHidrometalurgia química e ingeniería
_b
260 _c2016
300 _a619 páginas :
_c21 cm.
650 _aGEN
654 _aCHU
942 _cLIB
_dJUS
_fJUS
_2ddc
_n
999 _c23567
_d23567